000 01619nam0a2200421 4500
001 RU\NLR\bibl\1373414
005 20250615191200.0
010 _a978-5-397-00385-8
021 _aRU
_b2009-24477
_91450
035 _a(nilc)EL/0000306263
035 _aROSTOV1\BIBL\0000171426
035 _a(NLR Aleph) 001365533
090 _a1008483
_c1008483
100 _a20090821d2009 |||y0rusy50 ca
101 0 _arus
102 _aRU
105 _aa |||||||||
200 1 _aБорьба с помехами
_fА. А. Харкевич
205 _aИзд. 3-е
210 _aМосква
_cURSS
_cЛИБРОКОМ
_d2009 (cop. 2008)
215 _a274, [1] с.
_cил.
_d22
225 1 _aКлассика инженерной мысли: радиотехника
300 _aНа 4-й с. обл. авт.: А.А. Харкевич, акад. АН СССР
313 _aпред.изд.1964
320 _aБиблиогр.: с. 274-275 и в подстроч. прим.
606 1 _aКаналы связи
_xПомехоустойчивость
_91251080
_3RU\NLR\auth\66512145
606 1 _aРадиоприем
_xПомехи
_xБорьба с ними
_91950979
_3RU\NLR\auth\66892412
686 _a32.811.7
_vLBC/RL
_2rubbk
686 _aЗ811.722
700 1 _aХаркевич
_bА. А.
_f1904-1965
_gАлександр Александрович
_4070
801 0 _aRU
_bДонская ГПБ
_c20090821
_grcr
801 1 _aRU
_bДонская ГПБ
_c20090821
_2rusmarc
801 2 _aRU
_bNLR
_c20090525
_grcr
830 _aавт. по кн.
942 _cBOOK
980 _aNB